Open Data Biblioteca Nacional de Portugal


República Portuguesa: Ministério da Cultura
Biblioteca Nacional de Portugal

Catálogo da BNP: acesso por Identificadores Unívocos
Registos Bibliográficos associados ao registo de autoridade

Etiqueta de registo: 00254nam 2200025 450
001 2286391
003 http://id.bnportugal.gov.pt/bib/catbnp/2286391
010 ## $a978-989-33-9335-2
021 ## $aPT$b560876/26
100 ## $a20260515d2026 m y0pory01030103ba
101 0# $apor
102 ## $aPT
105 ## $aa z 000yd
106 ## $ar
200 1# $aMemória sobre esgrima$fManuel Cid$ged. transcrição e notas Paulo Jorge da Silva Lopes
205 ## $a1ª ed
210 #9 $aLisboa$cStafffighter's Library,$d2026
215 ## $a49, [1] p.$cil.$d23 cm
324 ## $aFac-simíle da ed. do Arquivo Histórico Militar
675 ## $a796.86(035)$vBN$zpor$31334379
675 ## $a821.134.3-94"18"$vBN$zpor$3291996
675 ## $a808.2$vBN$zpor$3288933
675 ## $a091.0$vBN$zpor$3336550
700 #1 $aCid,$bManuel,$f1850-1902$31998539
702 #1 $aLopes,$bPaulo Jorge da Silva,$f1976-$4340$31799110
801 #0 $aPT$bBN$gRPC
856 41 $uhttp://rnod.bnportugal.gov.pt/ImagesBN/winlibimg.aspx?skey=&doc=2286391&img=223570&save=true
966 ## $lBN$mFGMON$sB.A. 53852 V.$x1
971 ## $cisantos$d20260515
973 ## $cigoulao$d20260618

OpendataBNP@bnportugal.pt | Mais informação sobre acesso aos dados BNP